10 biggest countries in Africa - Statistics

General Stats
  • This quiz has been taken 51 times
  • The average score is 7 of 10
Answers on the Map
Answers color-coded by a green-red scale on the quiz's map according to % correct below.
 
Answer Stats
Answer % Correct
Algeria
100%
D.R Congo
94%
Sudan
81%
Chad
78%
Libya
75%
Niger
69%
Angola
58%
Mali
58%
South Africa
56%
Ethiopia
53%
No matching quizzes found
Score Distribution
Percent of People with Each Score
Percentile by Number Answered
Your Score History
You have not taken this quiz